000 00425nam a2200181Ia 4500
001 4569
005 20260306145805.0
008 260306t2011||||xx |||||||||||||| ||spa||
041 _aESP
082 _a324.985
_bJ92B
100 _aJurado Nacional de Elecciones
_eAUT
245 0 _aDebates electorales
260 _c2011
300 _a74 páginas :
_c24 cm.
650 _aGEN
654 _aCDE
942 _cLIB
_dJUS
_fJUS
_2ddc
_n
999 _c4569
_d4569